<?xml version="1.0" encoding="UTF-8"?>
<collection xmlns="http://www.loc.gov/MARC21/slim">
 <record>
  <leader>01610nam a2200205Ia 4500</leader>
  <controlfield tag="001">CTU_150770</controlfield>
  <controlfield tag="008">210402s9999    xx            000 0 und d</controlfield>
  <datafield tag="082" ind1=" " ind2=" ">
   <subfield code="a">658.4</subfield>
  </datafield>
  <datafield tag="082" ind1=" " ind2=" ">
   <subfield code="b">D252</subfield>
  </datafield>
  <datafield tag="100" ind1=" " ind2=" ">
   <subfield code="a">Davidson, J. H. (J. Hugh)</subfield>
  </datafield>
  <datafield tag="245" ind1=" " ind2="4">
   <subfield code="a">The committed enterprise :</subfield>
  </datafield>
  <datafield tag="245" ind1=" " ind2="0">
   <subfield code="b">how to make vision and values work</subfield>
  </datafield>
  <datafield tag="245" ind1=" " ind2="0">
   <subfield code="c">Hugh Davidson</subfield>
  </datafield>
  <datafield tag="260" ind1=" " ind2=" ">
   <subfield code="a">Oxford ; Boston</subfield>
  </datafield>
  <datafield tag="260" ind1=" " ind2=" ">
   <subfield code="b">Butterworth-Heinemann</subfield>
  </datafield>
  <datafield tag="260" ind1=" " ind2=" ">
   <subfield code="c">2002</subfield>
  </datafield>
  <datafield tag="520" ind1=" " ind2=" ">
   <subfield code="a">The Committed Enterprise represents Hugh Davidson's major statement on what makes a sustainable and excellent organization. It is based on over a year of intense fieldwork during which the author interviewed in person the most senior executives in 126 organizations in the US and Europe. It is much easier to describe vision and values than implement them. Vision and values management is in the dark ages compared with that of Marketing, Finance or Operations. It is often derided and all too often just doesn't work. The Committed Enterprise takes a hard approach to this 'soft' topic and describes how to build unstoppable organisations, whether businesses or charities, hospitals or orchestras, by managing vision and values scientifically yet creatively. It shows how to lay the foundations for success by understanding the conflicting needs of stakeholders and uniting them through the right vision and values. These forge uncompromising commitment, and transform organizations, teams and countries.</subfield>
  </datafield>
  <datafield tag="650" ind1=" " ind2=" ">
   <subfield code="a">Organizational effectiveness,Business ethics,Success in business</subfield>
  </datafield>
  <datafield tag="904" ind1=" " ind2=" ">
   <subfield code="i">Năm</subfield>
  </datafield>
  <datafield tag="980" ind1=" " ind2=" ">
   <subfield code="a">Trung tâm Học liệu Trường Đại học Cần Thơ</subfield>
  </datafield>
 </record>
</collection>
